| 000 | 00683nam a22001577a 4500 | ||
|---|---|---|---|
| 003 | OSt | ||
| 005 | 20151006150022.0 | ||
| 008 | 151006b xxu||||| |||| 00| 0 eng d | ||
| 040 | _cRUA | ||
| 082 | _aAVM CHA 2000 B072 Or.1 | ||
| 100 |
_92181 _aCHAN, VANNA. |
||
| 245 | _aQuality control of pig sperm on research station at Royal University of Agriculture, ការពិនិត្យគុណភាពទឹកកាមជ្រូក នៅស្ថានីយ៏ចិញ្ចឹមសត្វ នៃសាកលវិទ្យាល័យភូមិន្ទកសិកម្ម | ||
| 260 |
_aPhnom Penh _bRUA _c2000 |
||
| 300 |
_aviii; 42p. _bill. _c29cm. |
||
| 942 |
_2ddc _cAVM |
||
| 999 |
_c2052 _d2052 |
||